00764nam a2200217Ia 4500003000900000008004100009020001800050040001600068080001700084100002600101245013100127260004400258300001400302650004100316650002700357650001700384650002300401942000700424999001500431952010000446IN-BaIIA211028s9999 xx 000 0 eng d a0-684-16799-9 cIIA Library a52(091)bCOR aCornell, James912313 4aThe first stargazersban introduction to the origins of astronomycJames Cornell  aNew YorkbCharles Scribner's Sonsc1981 aix, 262p. aAstronomy and astrophysics thesaurus aAstronomy-history9900 aOrigin95840 aStar gazers912314 cBK c7180d7180 00104070aBANbBANcGENd1982-10-04l0o52(091)/ CORp7976r2021-11-05w1982-10-04yBKG15.95